Statistics for Main and Side SMG4 cast.

Click here to take the quiz!

General Stats

  • This quiz has been taken 69 times
  • The average score is 10 of 14

Answer Stats

HintAnswer% Correct
MainMario
100%
MainSMG4
98%
MainBob
96%
MainLuigi
96%
MainMeggy
96%
MainTari
88%
MainSaiko
83%
MainSMG3
83%
MainBoopkins
81%
MainMelony
71%
SideBowser
60%
SideSMG1
42%
SideSMG2
42%
SideMr. Monitor
13%

Score Distribution

Percentile by Number Answered

Percent of People with Each Score

Your Score History

You have not taken this quiz